000 00758nam a2200241 a 4500
999 _c6031
_d6031
001 6031
003 BD-JhCC
005 20200413134008.0
008 171230s1995 bg |||| ||a| 000 0 ben d
020 _a9848120017
020 _a9789848866450
035 _a(BD-JhCC)6031
040 _aBD-JhCC
_dBD-JhCC
041 _aben
082 _a891.4409
_bMAT 1995
100 _aমাতুব্বর, আরজ আলী
245 _aআরজ আলী মাতুব্বর রচনা সমগ্র ১, ২, ৩ /
_cআরজ আলী মাতুব্বর
260 _aঢাকা :
_bপাঠক সমাবেশ,
_c1995.
300 _aVarius p. :
_c22 cm.
650 _aCollection of Works
942 _2ddc
_cBK
_04